000 00428nam a2200157 i 4500
001 41043
003 ES-MaACL
005 20230906160349.0
007 t|
008 030307s1967 xxu ||||1| eng d
100 1 _aCarman, J. Neale.
_935319
245 1 0 _aOn the margin of a scholary career /
_cJ. Neale Carman.
260 _aKansas :
_bLawrence,
_c1967.
300 _a27 p. ;
_c23 cm.
852 _aES-MaACL
_j2056-F-28
_bR.62403
999 _c41043
_d41043